000 01289nam a22003491i 4500
003 EG-ScBUE
005 20250209110900.0
008 220731s2024 le f b 001 0dara d
020 _a9786144983614
040 _aEG-ScBUE
_bara
_erda
_cEG-ScBUE
_dEG-ScBUE
041 _aara
043 _aa-is---
082 0 4 _222
_a327
_bأ م ي
100 1 _aأمين، معتمر،
_eمؤلف.
240 1 0 _aRole of Rothschild family in the establishing of the state of Israel.
_lArabic
245 1 0 _aدور عائلة روتشيلد في إنشاء دولة إسرائيل /
_cمعتمر أمين.
250 _aالطبعة الأولى.
264 1 _aبيروت :
_bمركز دراسات الوحدة العربية،
_c2024.
300 _a383 صفحة ؛
_c24 سم
336 _2rdacontent
_aنص
_btxt
337 _2rdamedia
_aبدون وسيط
_bn
338 _2rdacarrier
_aمجلد
_bnc
504 _aيشتمل على إرجاعات ببليوجرافية وكشاف.
541 _aBook fair 2025.
610 2 _2BUEsh
_aآل روتشيلد.
650 7 _2BUEsh
_aالعلاقات الخارجية.
650 7 _2BUEsh
_aالصهيونية.
651 7 _2BUEsh
_aإسرائيل
_xعلاقات خارجية.
653 _cFebruary2025
_bGGEN
655 _vReading book
942 _2ddc
999 _c30881
_d30852